000 00277nam a22001337a 4500
008 170925b xxu||||| |||| 00| 0 eng d
020 _a/9781600078811
041 _aeng
080 _a37
100 _a46
101 _aEDU
245 _aPROMENDAS
_cTANO.M
942 _2udc
_cBK
999 _c29720
_d29720